000 00656nam a22002057a 4500
003 MPLRDC
005 20220104195855.0
008 210129b ||||| |||| 00| 0 eng d
020 _a978-957-32-6683-9
082 _a857.62 CHR-11 v.12
100 _a阿嘉莎·克莉丝蒂 AGATHA CHRISTIE
245 _a杀人一瞬间
_c陈巧媚 译
250 _a二版一刷
260 _a台湾
_b远流出版事业股份有限公司
_c2010
300 _b
490 _a克莉丝蒂120 诞辰纪念版: 12
520 _a上架 2017-04-16。 2017-08-30 弄湿--pg.封面-160左下角(1373)。
650 _a推理小说
942 _cBK
_o857.62 CHR-11 v.12
999 _c66400
_d66390